000
00265nam a22001217a 4500
008
181210b xxu||||| |||| 00| 0 eng d
041
_a
eng
080
_a
621
100
_a
27
101
_a
ENG
245
_a
Organic Coating Technology
_c
Payne.m
942
_2
udc
_c
BK
999
_c
53101
_d
53101